Statystyki dla Flagi miast województwa śląskiego

Kliknij tutaj aby rozwiązać quiz!

Ogólne statystyki

  • Ten quiz został rozwiązany 84 razy
  • Średni wynik to 17 z 28

Statystyki odpowiedzi

Odpowiedź% Poprawnych
Katowice
99%
Gliwice
84%
Bytom
83%
Rybnik
81%
Sosnowiec
81%
Częstochowa
77%
Bielsko Biała
75%
Zabrze
75%
Chorzów
74%
Dąbrowa Górnicza
71%
Mysłowice
62%
Ruda Śląska
62%
Tarnowskie Góry
59%
Będzin
57%
Jastrzębie Zdrój
57%
Siemianowice Śląskie
57%
Jaworzno
55%
Piekary Śląskie
55%
Racibórz
55%
Świętochłowice
55%
Żory
54%
Wodzisław Śląski
51%
Myszków
41%
Czechowice-Dziedzice
36%
Czeladź
36%
Lubliniec
36%
Ustroń
28%
Łaziska Górne
26%

Rozkład punktacji

Percentyl według liczby udzielonych odpowiedzi

Procent ludzi z każdym wynikiem

Twoja historia wyników

Nie rozwiązałeś tego quizu